| 000 | 00625nam a2200145Ia 4500 | ||
|---|---|---|---|
| 008 | 231129s2012||||xx |||||||||||||| ||spa|| | ||
| 020 | _a978-958-9177-80-8 | ||
| 040 | _bspa | ||
| 082 | _a 792.09861 T693t | ||
| 100 | _aTorres B. Críspulo | ||
| 245 | 0 | _aTatro Tecal 30 años: El entrenamiento del actor en los espacios abiertos a partir de la experiencia del Teatro Tecal uno de los grupos con más trayectoria en esta práctica teatral en Colombia | |
| 260 | _c2012 | ||
| 264 | _aMinisterio de Cultura de Colombia; Dirección de Artes. írea de Artes Escénicas | ||
| 942 |
_2ddc _cBKS |
||
| 999 |
_c25021 _d25021 |
||